| 000 | 00675nam a2200241Ia 4500 | ||
|---|---|---|---|
| 003 | OSt | ||
| 005 | 20220926041000.0 | ||
| 006 | a|||||r|||| 00| 0 | ||
| 007 | ta | ||
| 008 | 220923b |||||||| |||| 00| 0 eng d | ||
| 037 | _cGeneral Book | ||
| 040 |
_aRTL _cRTL _beng |
||
| 041 |
_2eng _aeng |
||
| 082 | _aB331, K3 | ||
| 100 |
_aTennebaum Morris _9344388 |
||
| 245 | 0 |
_aOrdinary differential equations _b An elementary tex |
|
| 260 | _c1963 | ||
| 490 | _aHarper International Student Reprint | ||
| 650 | _aEquations | ||
| 700 |
_a Pollard Harry _9344389 |
||
| 942 |
_hB331, K3 _cGB _2CC |
||
| 999 |
_c666102 _d666102 |
||